000 00687nam#a22002535a#4500
001 2274
245 1 0 _aClásicos de Ciencia Ficción /
_cRay Bradbury, Isacc Asimov y Julio Verne.
250 _a1ªed. 5ªreimp.
260 _aBuenos Aires :
_bSigmar,
_c2013.
300 _a72 p. ;
_c21 cm.
490 0 _aClásicos juveniles
020 _a9789501115253
100 1 _aBradbury, Ray.
700 1 _aAsimov, Isaac.
_4aut
700 1 _aVerne, Julio.
_4aut
080 _a82-344
084 _aB81
653 _aLiteratura Infantil y Juvenil
040 _aAR-ClEAG
_cAR-ClEAG
008 140411s2013####ag############000#0#und#d
005 20241107184739.0
003 AR-ClEAG
942 _cBK
999 _c2274
_d2274
980 _62
_aEvangelina Gallicchio
_82
_gEvangelina Gallicchio